Đang tải...

The Ode

Chi tiết về thư mục
Tác giả chính: Heath-Stubbs, John
Định dạng: Printed Book
Ngôn ngữ:English
Được phát hành: London : OUP , c1969 .
LEADER 00454nam a22001457a 4500
008 170107b xxu||||| |||| 00| 0 eng d
020 |a 199110026 
082 |a 821.08 STU/O 
100 |a Heath-Stubbs, John 
245 |a The Ode 
260 |a London :  |b OUP ,  |c c1969 . 
300 |a 116p 
942 |c BK 
999 |c 195323  |d 195323 
952 |0 0  |1 0  |4 0  |6 821_080000000000000_STU_O  |7 0  |9 215798  |a ENG  |b ENG  |c ST1  |d 2017-01-07  |i 3631  |l 0  |o 821.08 STU/O  |p ENG3631  |r 2017-01-07  |w 2017-01-07  |y BK